| 000 | 00832nam a2200265Ia 4500 | ||
|---|---|---|---|
| 003 | GCL | ||
| 008 | 140319s9999 xx 000 0 ara d | ||
| 020 | _a8022169953 | ||
| 040 |
_aGCL / _cGCL |
||
| 082 | 0 | 4 |
_aط _b001.2 _bد ل |
| 100 | 1 | _aاوليفر، كلير | |
| 245 | 1 | 0 |
_aلم أكن اعلم ان : الزلازل تصدع الارض / _cاوليفر، كلير |
| 700 | 1 | _aفيفيان أبى راشد | |
| 260 |
_aبيروت : _bدار المجانى ، _c2000 |
||
| 300 |
_a33 ص ؛ _c24 سم |
||
| 490 |
_aلم أكن أعلم أن _v0 |
||
| 650 | 0 | 4 | _aالزلازل |
| 650 | 0 | 4 | _aالثقافة |
| 650 | 0 | 4 | _aالكوارث الطبيعية |
| 650 | 0 | 4 | _aالمعرفة |
| 650 | 0 | 4 | _aكتب الاطفال |
| 650 | 0 | 4 | _aالزلازل - قوة |
| 650 | 0 | 4 | _aديناميكا الأرض |
| 942 |
_2ddc _cBK |
||
| 999 |
_c9206 _d9206 |
||